Pokémon - Les attaques de Cacturne - Statistiques

Statistiques générales
  • Ce quiz a été pris 22 fois
  • Le résultat moyen est 13 sur 19
Statistiques - réponses
Niveaux Types Noms des attaques % Correct
Niveau 16 Plante Poing Dard
100%
Niveau 38 Insecte Dard-Nuée
83%
Départ Poison Dard-Venin
83%
Niveau 13 Sol Jet de Sable
83%
Niveau 35 Ténèbres Coup Bas
75%
Niveau 30 Sol Picots
75%
Niveau 22 Plante Racines
75%
Niveau 10 Plante Vampigraine
75%
Départ Niveau 4 Plante Vol-Vie
75%
Niveau 44 Plante Éco-Sphère
67%
Niveau 19 Ténèbres Feinte
67%
Départ Niveau 7 Normal Croissance
58%
Départ Normal Groz'Yeux
58%
Niveau 49 Plante Spore Coton
58%
Niveau 54 Roche Tempête de Sable
58%
Départ Niveau 59 Spectre Prélèvement de Destin
50%
Niveau 26 Ténèbres Représailles
50%
Départ Évolution Plante Pico-Défense
42%
Départ Combat Vendetta
33%
Aucun quiz correspondant
Distribution des résultats
% des personnes avec chaque résultat
Percentile par nombre de réponses
Votre historique - résultats
Vous n’avez pas pris ce quiz